Normal view MARC view

Entry Personal Name

Number of records used in: 2

001 - CONTROL NUMBER

  • control field: 8961

003 - CONTROL NUMBER IDENTIFIER

  • control field: DLC

005 - DATE AND TIME OF LATEST TRANSACTION

  • control field: 20220103140324.0

008 - FIXED-LENGTH DATA ELEMENTS

  • fixed length control field: 140902n| azannaabn |n aaa

010 ## - LIBRARY OF CONGRESS CONTROL NUMBER

  • LC control number: n 2014053730

040 ## - CATALOGING SOURCE

  • Original cataloging agency: DLC
  • Language of cataloging: eng
  • Description conventions: rda
  • Transcribing agency: DLC
  • Modifying agency: DLC

100 1# - HEADING--PERSONAL NAME

  • Personal name: Daluz, Hillary Moses

370 ## - ASSOCIATED PLACE

  • Associated country: United States
  • Source of term: naf

372 ## - FIELD OF ACTIVITY

  • Field of activity: Fingerprints
  • Source of term: lcsh

374 ## - OCCUPATION

  • Occupation: Forensic scientists
  • Source of term: lcsh

375 ## - GENDER

  • Gender: Females
  • Source of term: lcsh

670 ## - SOURCE DATA FOUND

  • Source citation: Fundamentals of fingerprint analysis, 2014:
  • Information found: ECIP t.p. (Hillary Moses Daluz)

670 ## - SOURCE DATA FOUND

  • Source citation: Courtroom testimony for fingerprint examiners, 2020:
  • Information found: ECIP t.p. (Hillary Moses Daluz) ECIP galley (Hillary Moses Daluz, a Latent Print Examiner, Master of Science degree in Forensic Science from the University of California, Davis)

Powered by Koha